[Event "Mittelrhein Regionalliga 1718"]
[Site "Nordrheinwestfalen"]
[Date "2018.04.15"]
[Round "8.8"]
[White "Da Ces, Philippe"]
[Black "Esser, Julian"]
[Result "1-0"]
[WhiteElo "1979"]
[BlackElo "1383"]
[PlyCount "49"]
[EventDate "2017.09.10"]
[EventType "team-tourn"]
[EventRounds "9"]
[EventCountry "GER"]
[SourceTitle "EXT 2022"]
[Source "ChessBase"]
[SourceDate "2021.10.06"]
[SourceVersion "1"]
[SourceVersionDate "2021.10.06"]
[SourceQuality "1"]
[WhiteTeam "Aachen DJK Aufwärts III"]
[BlackTeam "Leverkusen SC Bayer"]
[WhiteTeamCountry "GER"]
[BlackTeamCountry "GER"]

1. d4 e6 2. e4 d5 3. Bd3 c5 4. exd5 exd5 5. Nf3 Nf6 6. 0-0 Be6 7. Re1 Be7 8. dxc5 0-0 9. Nbd2 Bxc5 10. Nb3 Nbd7 11. h3 Qb6 12. Nxc5 Nxc5 13. Be3 Qc7 14. Bxc5 Qxc5 15. Nd4 Rfe8 16. c3 Re7 17. Qd2 a6 18. Re3 Nh5 19. Re5 g6 20. Rxh5 gxh5 21. Qh6 Ree8 22. Bxh7+ Kh8 23. Bg6+ Kg8 24. Qh7+ Kf8 25. Nxe6+ 1-0

[Event "Vaujany op-A 8th"]
[Site "Vaujany"]
[Date "2017.07.16"]
[Round "4.21"]
[White "Virag, Balint"]
[Black "Da Ces, Philippe"]
[Result "1/2-1/2"]
[WhiteElo "1922"]
[BlackElo "2019"]
[PlyCount "104"]
[EventDate "2017.07.13"]
[EventType "swiss"]
[EventRounds "9"]
[EventCountry "FRA"]
[SourceTitle "EXT 2020"]
[Source "ChessBase"]
[SourceDate "2019.10.17"]
[SourceVersion "1"]
[SourceVersionDate "2019.10.17"]
[SourceQuality "1"]

1. e4 d5 2. exd5 Qxd5 3. Nc3 Qa5 4. d4 Nf6 5. Bc4 Bg4 6. Nge2 Nbd7 7. Bd2 Qb6 8. 0-0 e6 9. Bb3 c6 10. Be3 Qc7 11. h3 Bf5 12. Re1 Bd6 13. Qd2 0-0 14. Bf4 a6 15. Bxd6 Qxd6 16. Nf4 Rfe8 17. Rad1 Rad8 18. Qe3 Nb6 19. Qf3 Nbd5 20. Ncxd5 cxd5 21. c3 Rc8 22. Re2 Be4 23. Qg3 b5 24. Nxd5 Qxg3 25. Nxf6+ gxf6 26. fxg3 f5 27. Kf2 Red8 28. Red2 Bd5 29. Bxd5 Rxd5 30. Re1 Rcd8 31. Rde2 Kg7 32. Re5 Kf6 33. Rxd5 Rxd5 34. Re3 Rd8 35. Re5 Rc8 36. Rc5 Rxc5 37. dxc5 Ke5 38. Kf3 Kd5 39. b4 e5 40. g4 fxg4+ 41. Kxg4 a5 42. Kf3 axb4 43. cxb4 f5 44. g4 e4+ 45. Ke3 f4+ 46. Kxf4 Kd4 47. c6 e3 48. c7 e2 49. c8Q e1Q 50. Qc5+ Kd3 51. Qxb5+ Kc2 52. Qc5+ Kb2 1/2-1/2

[Event "Hastings Masters op 90th"]
[Site "Hastings"]
[Date "2015.01.04"]
[Round "7"]
[White "Da Ces, Philippe"]
[Black "Higgs, Joshua"]
[Result "1/2-1/2"]
[WhiteElo "1978"]
[BlackElo "1863"]
[PlyCount "50"]
[EventDate "2014.12.29"]
[EventType "swiss"]
[EventRounds "9"]
[EventCountry "ENG"]
[SourceTitle "CBM 164 Extra"]
[Source "ChessBase"]
[SourceDate "2015.03.02"]
[SourceVersion "1"]
[SourceVersionDate "2015.03.02"]
[SourceQuality "1"]

1. d4 Nf6 2. Nf3 e6 3. Bg5 Be7 4. e3 d5 5. Nbd2 Nbd7 6. Bd3 0-0 7. 0-0 c5 8. c3 b6 9. Ne5 Nxe5 10. dxe5 Nd7 11. Bxe7 Qxe7 12. f4 f6 13. exf6 Nxf6 14. Nf3 Bb7 15. Qe1 Nd7 16. Qg3 Rae8 17. Qh3 g6 18. Bb5 Rd8 19. Bxd7 Rxd7 20. Ne5 Rd6 21. Rad1 Rfd8 22. Rfe1 Qf6 23. Qg3 d4 24. Nc4 R6d7 25. Ne5 Rd6 1/2-1/2

[Event "Hastings Masters op 90th"]
[Site "Hastings"]
[Date "2015.01.02"]
[Round "5"]
[White "Da Ces, Philippe"]
[Black "Dean, Michael J"]
[Result "1-0"]
[WhiteElo "1978"]
[BlackElo "1574"]
[PlyCount "59"]
[EventDate "2014.12.29"]
[EventType "swiss"]
[EventRounds "9"]
[EventCountry "ENG"]
[SourceTitle "CBM 164 Extra"]
[Source "ChessBase"]
[SourceDate "2015.03.02"]
[SourceVersion "1"]
[SourceVersionDate "2015.03.02"]
[SourceQuality "1"]

1. d4 Nf6 2. Nf3 e6 3. Bg5 c5 4. e3 cxd4 5. exd4 b6 6. Bd3 Bb7 7. 0-0 d6 8. c4 Be7 9. Nc3 Nbd7 10. Re1 0-0 11. Qe2 Re8 12. Rad1 h6 13. Bh4 g5 14. Bg3 Nh5 15. d5 Nxg3 16. hxg3 exd5 17. cxd5 Nf6 18. Bb5 Nd7 19. Nd4 a6 20. Nc6 Bxc6 21. Bxc6 Ra7 22. Rd3 Ne5 23. Bxe8 Nxd3 24. Bxf7+ Kxf7 25. Qxd3 Qh8 26. Re6 b5 27. Qg6+ Kf8 28. Ne4 Rd7 29. Nf6 Bxf6 30. Re8# 1-0

[Event "Hastings Masters op 90th"]
[Site "Hastings"]
[Date "2014.12.30"]
[Round "2"]
[White "Da Ces, Philippe"]
[Black "Rolvag, Mikael"]
[Result "0-1"]
[WhiteElo "1978"]
[BlackElo "2191"]
[PlyCount "136"]
[EventDate "2014.12.29"]
[EventType "swiss"]
[EventRounds "9"]
[EventCountry "ENG"]
[SourceTitle "CBM 164 Extra"]
[Source "ChessBase"]
[SourceDate "2015.03.02"]
[SourceVersion "1"]
[SourceVersionDate "2015.03.02"]
[SourceQuality "1"]

1. d4 Nf6 2. Nf3 e6 3. Bg5 c5 4. e3 cxd4 5. exd4 b6 6. Bd3 Bb7 7. 0-0 Be7 8. c4 d6 9. Nc3 Nbd7 10. Re1 0-0 11. Qe2 Re8 12. Rad1 Rc8 13. Nd2 d5 14. cxd5 Nxd5 15. Bxe7 Rxe7 16. Nxd5 Bxd5 17. Bb1 Nf6 18. Nf1 Rd7 19. Qe5 Bb7 20. Ne3 Qc7 21. h3 Rcd8 22. Rc1 Qd6 23. Red1 h6 24. a3 Kf8 25. Ba2 Bd5 26. Bxd5 Nxd5 27. Nc4 Qe7 28. Qe2 Qg5 29. Qe4 Nf6 30. Qe3 Qd5 31. Ne5 Rb7 32. Qf3 Qxf3 33. Nxf3 Nd5 34. g3 f6 35. h4 g5 36. hxg5 hxg5 37. Rc6 Kf7 38. Re1 Re7 39. Nh2 Nc7 40. Ng4 Rxd4 41. Ne3 Red7 42. Rec1 Ne8 43. Kg2 Rd2 44. Nc4 Rd1 45. Rc2 R1d3 46. Re2 Ng7 47. g4 R3d4 48. Ne3 Kg6 49. Rec2 Rd2 50. Rc7 Rxc2 51. Rxd7 Rxb2 52. Rxa7 f5 53. gxf5+ Nxf5 54. Nxf5 exf5 55. a4 Kh5 56. a5 b5 57. a6 Kg4 58. Rb7 f4 59. a7 f3+ 60. Kg1 Ra2 61. Rxb5 Kh3 62. Rb1 Rxa7 63. Rc1 Ra4 64. Kh1 Ra2 65. Kg1 g4 66. Rb1 g3 67. fxg3 Kxg3 68. Rc1 Rg2+ 0-1

[Event "Guernsey op 40th"]
[Site "Vale"]
[Date "2014.10.22"]
[Round "4"]
[White "Da Ces, Philippe"]
[Black "Curtis, John E"]
[Result "0-1"]
[WhiteElo "1969"]
[BlackElo "2100"]
[PlyCount "86"]
[EventDate "2014.10.19"]
[EventType "swiss"]
[EventRounds "7"]
[EventCountry "GCI"]
[SourceTitle "EXT 2016"]
[Source "ChessBase"]
[SourceDate "2015.10.08"]
[SourceVersion "1"]
[SourceVersionDate "2015.10.08"]
[SourceQuality "1"]

1. d4 d6 2. e4 Nf6 3. Nc3 e5 4. Nf3 Nbd7 5. g4 Nxg4 6. Rg1 Ngf6 7. Bc4 h6 8. dxe5 dxe5 9. Be3 c6 10. Qd3 b5 11. Bb3 Qa5 12. 0-0-0 Ba6 13. Nd2 b4 14. Nc4 Bxc4 15. Qxc4 bxc3 16. Qxf7+ Kd8 17. Rxd7+ Nxd7 18. Rd1 Qc7 19. Be6 Bd6 20. Bxd7 cxb2+ 21. Kb1 Qxd7 22. Qc4 Re8 23. Bc5 Re6 24. Rxd6 Rxd6 25. Bxd6 Qxd6 26. Qg8+ Kc7 27. Qxa8 Qd1+ 28. Kxb2 Qd4+ 29. Kb3 Qxf2 30. Qe8 Qe3+ 31. Kb2 Qxe4 32. Qf7+ Kb6 33. Qxg7 Qd4+ 34. Kb1 Qb4+ 35. Kc1 Qf4+ 36. Kb2 Qxh2 37. Qe7 Qf4 38. Qd8+ Kb5 39. Qb8+ Kc4 40. Qb3+ Kc5 41. Qc3+ Kb5 42. Qd3+ Qc4 43. Qe3 Qd4+ 0-1

[Event "Vaujany op 5th"]
[Site "Vaujany"]
[Date "2014.07.11"]
[Round "1.14"]
[White "Da Ces, Philippe"]
[Black "Manea, Alexandru"]
[Result "0-1"]
[WhiteElo "1994"]
[BlackElo "2373"]
[PlyCount "92"]
[EventDate "2014.07.10"]
[EventType "swiss"]
[EventRounds "9"]
[EventCountry "FRA"]
[SourceTitle "EXT 2017"]
[Source "ChessBase"]
[SourceDate "2016.10.25"]
[SourceVersion "1"]
[SourceVersionDate "2016.10.25"]
[SourceQuality "1"]

1. d4 Nf6 2. Nf3 e6 3. Bg5 c5 4. e3 Qb6 5. Nbd2 Qxb2 6. Bxf6 gxf6 7. Be2 Be7 8. Rb1 Qc3 9. 0-0 Qa5 10. Nc4 Qc7 11. d5 d6 12. e4 0-0 13. Re1 Nd7 14. Nfd2 Kh8 15. Bf1 Rg8 16. Re3 Nf8 17. Rbb3 Bd7 18. Rg3 Ng6 19. Rbf3 Rg7 20. Kh1 Rag8 21. Ne3 Qd8 22. Qa1 b5 23. Ng4 Ne5 24. Nxe5 fxe5 25. dxe6 Bxe6 26. a4 Qa5 27. Rxg7 Rxg7 28. Qc3 Qxa4 29. Qa3 Rg8 30. Qxa4 bxa4 31. Ra3 Bd7 32. Bd3 Rb8 33. h3 Kg7 34. Nc4 Rb1+ 35. Kh2 Kf8 36. Ne3 Ke8 37. Nd5 Bc6 38. Nc3 Rb4 39. Na2 Rd4 40. Nc3 c4 41. Bf1 d5 42. Ra1 dxe4 43. Nxa4 Rd2 44. Nb2 c3 45. Nc4 Rxf2 46. Nxe5 Bd6 0-1

[Event "BEL-chT 0910"]
[Site "Belgium"]
[Date "2009.09.27"]
[Round "1"]
[White "Klein, Felix"]
[Black "Da Ces, Philippe"]
[Result "1/2-1/2"]
[WhiteElo "2301"]
[BlackElo "2041"]
[PlyCount "65"]
[EventDate "2009.09.27"]
[EventType "team-tourn"]
[EventRounds "11"]
[EventCountry "BEL"]
[SourceTitle "EXT 2011"]
[Source "ChessBase"]
[SourceDate "2010.11.26"]
[SourceVersion "1"]
[SourceVersionDate "2010.11.26"]
[SourceQuality "1"]
[WhiteTeam "KSK Rochade"]
[BlackTeam "Amay"]
[WhiteTeamCountry "BEL"]
[BlackTeamCountry "BEL"]

1. e4 d5 2. exd5 Qxd5 3. Nc3 Qa5 4. d4 Nf6 5. Nf3 Bf5 6. Bc4 e6 7. Bd2 c6 8. Nd5 Qd8 9. Nxf6+ gxf6 10. Bb3 a5 11. a4 Na6 12. Qe2 Nb4 13. 0-0-0 Qb6 14. Nh4 Bxc2 15. Bxc2 Na2+ 16. Kb1 Ba3 17. Bb3 Qxb3 18. Be1 Bb4 19. Qc2 Qxc2+ 20. Kxc2 Bxe1 21. Rhxe1 Nb4+ 22. Kb3 0-0-0 23. Nf3 Rd5 24. Ra1 Rg8 25. g3 Kd7 26. Re3 Ke7 27. Rc1 Rgd8 28. Rcc3 Rf5 29. Re4 Nd5 30. Rd3 Nb4 31. Rc3 Nd5 32. Rd3 Nb4 33. Rc3 1/2-1/2

[Event "La Fere op 8th"]
[Site "La Fere"]
[Date "2009.07.09"]
[Round "7"]
[White "Da Ces, Philippe"]
[Black "Delorme, Laurie"]
[Result "0-1"]
[WhiteElo "2023"]
[BlackElo "2152"]
[PlyCount "29"]
[EventDate "2009.07.04"]
[EventType "swiss"]
[EventRounds "9"]
[EventCountry "FRA"]
[SourceTitle "CBM 131 Extra"]
[Source "ChessBase"]
[SourceDate "2009.09.03"]
[SourceVersion "2"]
[SourceVersionDate "2009.09.16"]
[SourceQuality "1"]

1. d4 d5 2. c4 e6 3. Nc3 c6 4. e4 Bb4 5. Qg4 Nf6 6. Qxg7 Rg8 7. Qh6 Rg6 8. Qe3 Nxe4 9. Nge2 Nxc3 10. bxc3 Bd6 11. c5 Bc7 12. Nf4 Rg4 13. Qf3 e5 14. Nh5 Rg6 15. g3 0-1